000 02039nam0a2200361 4500
001 RU\NLR\bibl\1832972
005 20260408052215.0
021 _aRU
_b2011-81486
_95809
035 _a(NLR Aleph) 001823467
090 _a2038431
_c2038431
100 _a20111112d2011 |||y0rusy50 ca
101 0 _arus
102 _aRU
105 _ay |||||||||
200 1 _aТарифы и нормативы услуг ЖКХ для населения. Правовое регулирование
_eсправочное пособие
_fФедер. собрание Рос. федерации, Гос. Дума
_g[под ред. М.Л. Шаккума
_gсост.: М.Я. ХесинА.Н. Курский]
210 _aМосква
_cиздание Государственной Думы
_d2011
215 _a62, [1] с.
_d20
320 _aБиблиогр. в подстроч. примеч.
606 1 _aКоммунальные услуги
_jСправочники
_xПравовое регулирование
_yРоссийская Федерация
_92214204
_3RU\NLR\auth\661329971
606 1 _aКоммунальные услуги
_jСправочники
_xТарифы
_xРегулирование
_yРоссийская Федерация
_92219244
_3RU\NLR\auth\661332690
686 _aУ44(2)13-866я2
686 _aХ623.211.7я2
702 1 _aХесин
_bМ. Я.
_4220
702 1 _aШаккум
_bМ. Л.
_f1951-
_gМартин Люцианович
_4340
711 1 2 _aПарламентские слушания на тему "Система тарифного и нормативного регулирования жилищно-коммунального хозяйства"
_f2010
_eМосква
_3RU\NLR\AUTH\8810198063
_9284986
712 0 1 _4570
_aРоссийская Федерация
_bГосударственная Дума
_c2007-2011
_3RU\NLR\AUTH\8810114571
_9728478
801 0 _aRU
_bNLR
_c20111112
_gRCR
801 1 _aRU
_bNLR
_c20111112
942 _cBOOK
980 _aNB
980 _aNBR